000 00618nam a2200253Ia 4500
005 20260121155031.0
008 008 260114s9999 xx 000 0 eng d
020 _a9781003041245
037 _aEBOOK
040 _aCRL
040 _beng
040 _cCRL
041 _2eng
041 _aeng
084 _qCRL
100 _a Murat Ustao?lu; Ahmet ?ncekara
_91014548
245 4 _aThe Evolution of Interest and Debt
260 _bTaylor and Francis
260 _c2021
856 _uhttp://www.taylorfrancis.com/books/9781003041245
942 _cEBOOK
999 _c1581367
_d1581367